000
00478nam a2200169Ia 4500
008
090711s9999 xx 000 0 und d
082
_b
26790
100
_a
धर्माधिकारी भाऊ
245
_a
मनुबोध
260
_c
1973
300
_a
68
600
_a
धर्माधिकारी भाऊ
630
_a
मनुबोध
700
_a
धर्माधिकारी भाऊ
730
_a
मनुबोध
942
_c
BOOK
999
_c
284225
_d
284225